000 00555nam a2200193Ia 4500
005 20250326144748.0
008 250326s9999 xx 000 0 und d
020 _a1-84064-093-6
037 _aTextbook
040 _aFMSL
_beng
_cFMSL
041 _aeng
_2eng
084 _aX62.1g P3
_qFMSL
100 _aMullineux Andrew W.
_9750069
245 0 _aHandbook of international banking
_cMullineux Andrew W.
260 _aU.K.
_bU.K., Edward Elgar publishing
_c2003
300 _a765p
942 _cTB
_hX62.1g P3
999 _c1304928
_d1304928